[Event "FIDE Online Olympiad"]
[Site "Chess.com"]
[Date "2020.08.09"]
[EventDate "2020.08.07"]
[Round "8"]
[Result "1-0"]
[White "Fy Antenaina Rakotomaharo"]
[Black "Richmond Phiri"]
[WhiteElo "2370"]
[BlackElo "2270"]
[PlyCount "167"]

1. d4 Nf6 2. Nf3 e6 3. e3 d5 4. Bd3 Bd6 5. O-O Nbd7 6. c4 c6
7. Nc3 O-O 8. b3 e5 9. cxd5 cxd5 10. Nb5 Bb8 11. dxe5 Nxe5
12. Bb2 Bg4 13. Be2 Bxf3 14. Bxf3 a6 15. Nd4 Re8 16. g3 Qd7
17. Bg2 Ba7 18. Nf3 Bb8 19. Rc1 Nxf3+ 20. Bxf3 Be5 21. Bxe5
Rxe5 22. Qd4 Re7 23. Rfd1 Rd8 24. Qb6 Qe8 25. Rc7 Rxc7
26. Qxc7 Rd7 27. Qc5 Qf8 28. Qd4 h6 29. Rc1 Qd8 30. Kg2 Rd6
31. b4 Qd7 32. a3 Rc6 33. Rd1 Rc2 34. Qd3 Qc6 35. Bxd5 Nxd5
36. Qxd5 Qxd5+ 37. Rxd5 Rc3 38. a4 Rc4 39. Rd4 Rc7 40. g4 Kf8
41. h4 Ke7 42. Kf3 Rc2 43. Re4+ Kd7 44. Kg3 Ra2 45. a5 Rb2
46. h5 Rc2 47. f3 Rb2 48. Kf4 Rf2 49. Rc4 Re2 50. Ke4 Rf2
51. f4 Rg2 52. Kf5 Rh2 53. Ke5 Rg2 54. Rd4+ Ke7 55. Kf5 Rh2
56. e4 Rh4 57. e5 Rh1 58. Rd6 Rc1 59. Rb6 Rc7 60. g5 hxg5
61. fxg5 Kf8 62. h6 Kg8 63. hxg7 Kxg7 64. g6 fxg6+ 65. Rxg6+
Kf8 66. Rh6 Kg7 67. Rf6 Rc4 68. Rb6 Rc7 69. Ke6 Kf8 70. Rd6
Ke8 71. Kd5 Rc1 72. Rh6 Rd1+ 73. Ke6 Kd8 74. Rh7 Kc8 75. Kf6
Rf1+ 76. Ke7 Rb1 77. Rh4 Rf1 78. e6 Rc1 79. Ke8 Rc2 80. e7 Kc7
81. Rh5 Rf2 82. Rc5+ Kd6 83. Kd8 Re2 84. e8=Q 1-0

[Event "FIDE Online Olympiad"]
[Site "Chess.com"]
[Date "2020.08.09"]
[EventDate "2020.08.07"]
[Round "8"]
[Result "1-0"]
[White "Chitumbo Mwali"]
[Black "Miora Andriamasoandro"]
[WhiteElo "2293"]
[BlackElo "2099"]
[PlyCount "103"]

1. c4 Nf6 2. g3 d6 3. Bg2 Nc6 4. Nc3 Bd7 5. e4 Qc8 6. h3 g6
7. Nge2 e5 8. d3 Bg7 9. Be3 O-O 10. Rc1 h5 11. Qd2 Re8 12. Nd5
Ne7 13. Bg5 Nexd5 14. cxd5 c5 15. dxc6 bxc6 16. h4 Rb8 17. O-O
Bh3 18. Bxh3 Qxh3 19. Bxf6 Bxf6 20. Rxc6 Be7 21. Rb1 Kg7
22. Nc3 g5 23. Nd5 Bd8 24. Rxd6 f6 25. hxg5 f5 26. exf5 Qxf5
27. Nf6 Rh8 28. Rc1 h4 29. g4 Qf3 30. Rd7+ Kg6 31. Qe3 Qxe3
32. fxe3 Kxg5 33. Ne4+ Kxg4 34. Rf1 Rg8 35. b3 Kh3+ 36. Kh1
Bb6 37. Rdf7 Bxe3 38. R1f3+ Rg3 39. Nxg3 hxg3 40. Rxe3 Rc8
41. Rh7+ Kg4 42. Rg7+ Kf4 43. Rexg3 Rc1+ 44. Kh2 Rc2+ 45. Rg2
Rc3 46. R7g3 Kf5 47. Rf2+ Ke6 48. Re2 Kf5 49. Rf3+ Kg4 50. Rf8
Rxd3 51. Rg2+ Kh5 52. Rh8# 1-0

[Event "FIDE Online Olympiad"]
[Site "Chess.com"]
[Date "2020.08.09"]
[EventDate "2020.08.07"]
[Round "8"]
[Result "1-0"]
[White "Constance Mbatha"]
[Black "Ny Koloina Andrianarison"]
[WhiteElo "1647"]
[BlackElo "1203"]
[PlyCount "65"]

1. e4 e6 2. d4 d5 3. exd5 exd5 4. Nf3 Nf6 5. Be3 c6 6. Be2 Bd6
7. O-O Be6 8. b3 O-O 9. c4 Nbd7 10. c5 Bc7 11. a4 b6 12. b4
bxc5 13. dxc5 Ne4 14. Nd4 Qb8 15. Nxc6 Bxh2+ 16. Kh1 Qc7
17. Nd4 Be5 18. Nd2 Nc3 19. Qe1 Nxe2 20. Qxe2 Qd8 21. g3 Nf6
22. Kg2 Rb8 23. b5 Bg4 24. f3 Bd7 25. f4 Bxd4 26. Bxd4 Re8
27. Qf2 Qc8 28. Rfe1 Bh3+ 29. Kg1 Rxe1+ 30. Rxe1 Ng4 31. Qf3
Nh6 32. Qe2 Qf5 33. Qe8+ 1-0

[Event "FIDE Online Olympiad"]
[Site "Chess.com"]
[Date "2020.08.09"]
[EventDate "2020.08.07"]
[Round "8"]
[Result "1-0"]
[White "Lubuuto Bwalya Mulwale"]
[Black "Grace Gloria Ramarolafy"]
[WhiteElo "1702"]
[BlackElo "1174"]
[PlyCount "47"]

1. d4 e6 2. c4 f5 3. Nc3 Nf6 4. e3 Be7 5. Bd3 d6 6. Nf3 O-O
7. O-O Qe8 8. e4 fxe4 9. Nxe4 Nbd7 10. Qe2 b6 11. Re1 Bb7
12. Nxf6+ Nxf6 13. Qxe6+ Rf7 14. Ng5 Bc8 15. Qe2 Rf8 16. Qxe7
Qxe7 17. Rxe7 Re8 18. Rxe8+ Nxe8 19. Bxh7+ Kh8 20. Bd2 Nf6
21. Bg6 Bg4 22. Re1 Bh5 23. Bd3 Rf8 24. Bc3 1-0

[Event "FIDE Online Olympiad"]
[Site "Chess.com"]
[Date "2020.08.09"]
[EventDate "2020.08.07"]
[Round "8"]
[Result "1-0"]
[White "William Hewitt"]
[Black "Ahmad Abdallah Najjar"]
[WhiteElo "2038"]
[BlackElo "2178"]
[PlyCount "37"]

1. e4 c5 2. Nf3 g6 3. d4 cxd4 4. Nxd4 Nc6 5. c4 Nf6 6. Nc3 d6
7. Be2 Nxd4 8. Qxd4 Bg7 9. Be3 O-O 10. Qd2 Be6 11. O-O a5
12. Rad1 a4 13. f4 Qa5 14. Bd4 Rfc8 15. b3 axb3 16. axb3 b5
17. f5 Bd7 18. cxb5 Qb4 19. b6 1-0

[Event "FIDE Online Olympiad"]
[Site "Chess.com"]
[Date "2020.08.09"]
[EventDate "2020.08.07"]
[Round "8"]
[Result "1-0"]
[White "Samer Salman"]
[Black "Hugo Fowler"]
[WhiteElo "1735"]
[BlackElo "1686"]
[PlyCount "107"]

1. e4 e5 2. Nf3 Nc6 3. d4 exd4 4. Bc4 d6 5. Nxd4 Nf6 6. Nc3
Be7 7. O-O O-O 8. h3 Nxd4 9. Qxd4 Nd7 10. Be3 Bf6 11. Qd2 Re8
12. Bd4 Bxd4 13. Qxd4 Qf6 14. Rad1 Qxd4 15. Rxd4 Nc5 16. b4
Ne6 17. Rd2 Ng5 18. Re1 Be6 19. Nd5 Bxd5 20. Bxd5 c6 21. h4
cxd5 22. hxg5 Rac8 23. Rxd5 Rxc2 24. Rxd6 Rxa2 25. Rd7 b6
26. Rc1 Ra4 27. Rcc7 Rf8 28. e5 Ra1+ 29. Kh2 Re1 30. f4 g6
31. Rxa7 Re4 32. g3 Re2+ 33. Kh3 Kg7 34. Rab7 Re1 35. Rxb6
Rh1+ 36. Kg4 h5+ 37. gxh6+ Kxh6 38. Rf6 Rb1 39. Rb7 Kg7
40. Kg5 Rb3 41. Rxg6+ Kh7 42. Rh6+ Kg7 43. g4 Rg3 44. Rf6 Rb3
45. b5 Rb4 46. e6 Rd8 47. Rfxf7+ Kg8 48. Rg7+ Kh8 49. Rh7+ Kg8
50. Rbg7+ Kf8 51. e7+ Ke8 52. Rg8+ Kd7 53. exd8=Q+ Ke6
54. Re7# 1-0

[Event "FIDE Online Olympiad"]
[Site "Chess.com"]
[Date "2020.08.09"]
[EventDate "2020.08.07"]
[Round "8"]
[Result "1-0"]
[White "Venetia Sivarajasingam"]
[Black "Nour Assoum"]
[WhiteElo "1713"]
[BlackElo "1400"]
[PlyCount "71"]

1. e4 e5 2. Nf3 Nc6 3. Bb5 d6 4. O-O Bd7 5. c3 a6 6. Ba4 Nf6
7. Re1 Be7 8. d4 exd4 9. cxd4 Bg4 10. d5 b5 11. Bxb5 axb5
12. dxc6 d5 13. e5 Ne4 14. Nbd2 Bb4 15. Re3 Bc5 16. Re2 Ng5
17. Qb3 Ne6 18. Re1 h5 19. Nf1 d4 20. Rd1 h4 21. h3 Bh5
22. N1d2 Rb8 23. Ne4 Be7 24. Bd2 Bg6 25. Re1 Bxe4 26. Rxe4 Nc5
27. Qc2 Nxe4 28. Qxe4 Kf8 29. Nxd4 Bc5 30. Be3 Bxd4 31. Bxd4
Qe7 32. Qg4 Qe6 33. Qf3 Qf6 34. exf6 gxf6 35. Qxf6 Rg8
36. Bc5+ 1-0

[Event "FIDE Online Olympiad"]
[Site "Chess.com"]
[Date "2020.08.09"]
[EventDate "2020.08.07"]
[Round "8"]
[Result "1-0"]
[White "Manunthon Atikankhotchasee"]
[Black "Arlinda Aliu"]
[WhiteElo "1549"]
[BlackElo "1742"]
[PlyCount "111"]

1. e4 e5 2. Nf3 Nc6 3. Bc4 Nf6 4. Ng5 d5 5. exd5 Na5 6. Bb5+
c6 7. dxc6 bxc6 8. Ba4 Bd6 9. d3 O-O 10. O-O Nd5 11. Ne4 Be7
12. Nbc3 Be6 13. Qh5 f6 14. Bd2 Bf7 15. Qg4 Rb8 16. Bb3 Nxb3
17. axb3 Nxc3 18. bxc3 Bxb3 19. cxb3 f5 20. Qe2 fxe4 21. Qxe4
Bf6 22. b4 Qd7 23. Be3 Rb7 24. Ra6 Rc7 25. Rfa1 Rd8 26. Qc4+
Qd5 27. Qxd5+ cxd5 28. Bd2 Rdd7 29. R1a3 Kf7 30. g3 h6
31. R3a5 Rb7 32. Kg2 Bd8 33. Ra3 Bb6 34. Ra1 Ke6 35. Re1 Re7
36. f4 Kf5 37. g4+ Kxg4 38. fxe5 d4 39. c4 g5 40. h3+ Kh5
41. Kg3 Bc7 42. Kg2 Bxe5 43. b5 Bb8 44. Rae6 Rf7 45. Ra1 Bf4
46. Bxf4 Rxf4 47. Raa6 Rh7 48. Rad6 g4 49. hxg4+ Rxg4+ 50. Kh3
Rh4+ 51. Kg3 Rg7+ 52. Kf3 Rh3+ 53. Ke4 Rg4+ 54. Kd5 Kg5
55. Rg6+ Kf5 56. Rdf6# 1-0

[Event "FIDE Online Olympiad"]
[Site "Chess.com"]
[Date "2020.08.09"]
[EventDate "2020.08.07"]
[Round "8"]
[Result "1-0"]
[White "Prin Laohawirapap"]
[Black "Korab Saraci"]
[WhiteElo "1834"]
[BlackElo "2077"]
[PlyCount "59"]

1. e4 e5 2. Nf3 Nf6 3. Nxe5 d6 4. Nf3 Nxe4 5. Nc3 Nxc3 6. dxc3
Be7 7. Be3 O-O 8. Qd2 Nd7 9. O-O-O Nf6 10. Bd3 c5 11. h4 Qa5
12. Kb1 b5 13. c4 Qb6 14. Rhe1 Re8 15. Ng5 h6 16. Nf3 bxc4
17. Bxc4 Rb8 18. b3 Bb7 19. Bxh6 Ne4 20. Qf4 Bf6 21. Bxf7+
Kxf7 22. Ng5+ Kg8 23. Nxe4 Bxe4 24. Rxe4 Rxe4 25. Qxe4 gxh6
26. Qe6+ Kg7 27. Rxd6 Qxd6 28. Qxd6 Rd8 29. Qc7+ Kf8 30. Qxc5+
1-0

[Event "FIDE Online Olympiad"]
[Site "Chess.com"]
[Date "2020.08.09"]
[EventDate "2020.08.07"]
[Round "8"]
[Result "1-0"]
[White "Sameer Loay"]
[Black "Dhahir Habeeb Moazaz"]
[WhiteElo "2050"]
[BlackElo "1965"]
[PlyCount "103"]

1. Nf3 Nf6 2. g3 d5 3. Bg2 c6 4. O-O Bf5 5. d3 e6 6. Nbd2 Be7
7. b3 Nbd7 8. Bb2 h6 9. Qe1 O-O 10. e4 dxe4 11. dxe4 Bh7
12. Qe2 Qc7 13. Rfe1 Nc5 14. Ne5 a5 15. a3 Rfd8 16. Nd3 b5
17. Nxc5 Bxc5 18. Bxf6 gxf6 19. Qg4+ Kh8 20. Nf3 Qa7 21. Re2
Qe7 22. Qh5 Kg7 23. Qg4+ Bg6 24. h4 h5 25. Qf4 e5 26. Qc1 Rd6
27. Ne1 Rad8 28. Nd3 Bd4 29. Rb1 Bc3 30. Qe3 Bd4 31. Qd2 Bb6
32. b4 Qa7 33. Qc3 Bd4 34. Qe1 axb4 35. axb4 Qa3 36. Kh2 Re8
37. f4 exf4 38. gxf4 Rde6 39. Bf3 f5 40. e5 f6 41. Qg3 Kf7
42. Rg2 fxe5 43. Bxh5 Rg8 44. Nxe5+ Bxe5 45. Qxa3 Bxf4+
46. Kh1 Bxh5 47. Rxg8 Kxg8 48. Rf1 Re4 49. Qa8+ Kf7 50. Qxc6
Bg4 51. Rxf4 Rxf4 52. Qc7+ 1-0

[Event "FIDE Online Olympiad"]
[Site "Chess.com"]
[Date "2020.08.09"]
[EventDate "2020.08.07"]
[Round "8"]
[Result "1-0"]
[White "Yamama Asif Abdula Al-Fayyadh"]
[Black "Alnasser Tala"]
[WhiteElo "1609"]
[BlackElo "1077"]
[PlyCount "139"]

1. e4 c5 2. Nf3 Nc6 3. d4 cxd4 4. Nxd4 g6 5. Be3 Bg7 6. Nc3
Nh6 7. f3 f5 8. Qd2 Nxd4 9. Bxd4 O-O 10. Bxg7 Kxg7 11. Qd4+
Kg8 12. Bc4+ e6 13. O-O a6 14. Rad1 Qf6 15. e5 Qg5 16. f4 Qh4
17. Qf2 Qe7 18. h3 Kh8 19. Bb3 Rg8 20. Qf3 Rb8 21. Qd3 g5
22. fxg5 Rxg5 23. Qd6 Qxd6 24. exd6 b5 25. Ne2 Bb7 26. Nf4
Rbg8 27. Rf2 Nf7 28. Rdd2 Ne5 29. Kh2 Ng6 30. Nxe6 dxe6
31. Bxe6 Rd8 32. Bxf5 Nh4 33. g4 Nxf5 34. gxf5 Kg7 35. f6+ Kf7
36. h4 Rg6 37. Kh3 Rxf6 38. Rxf6+ Kxf6 39. Kg4 Bc8+ 40. Kh5
Ke5 41. Kh6 Bf5 42. d7 Ke6 43. b3 Rxd7 44. Re2+ Kd5 45. Rf2
Be4 46. Rd2+ Kc6 47. Re2 Bf5 48. Rf2 Rd5 49. Kg7 Kc5 50. h5
Kb4 51. Kf6 Be4 52. Rf4 Rd4 53. Ke5 Rd5+ 54. Kxe4 Rxh5
55. Kd3+ Ka3 56. Rf6 a5 57. Ra6 b4 58. c4 bxc3 59. Kxc3 Kxa2
60. b4 Kb1 61. bxa5 Rh3+ 62. Kb4 Rh4+ 63. Kb5 Rh5+ 64. Kb6 Rh2
65. Kb7 Rb2+ 66. Rb6 h5 67. a6 h4 68. a7 h3 69. Rxb2+ Kxb2
70. Kb8 1-0

[Event "FIDE Online Olympiad"]
[Site "Chess.com"]
[Date "2020.08.09"]
[EventDate "2020.08.07"]
[Round "8"]
[Result "1-0"]
[White "Warre De Waele"]
[Black "Jack Mizzi"]
[WhiteElo "2238"]
[BlackElo "1543"]
[PlyCount "61"]

1. d4 Nf6 2. c4 e6 3. Nf3 d5 4. g3 Be7 5. Bg2 O-O 6. O-O dxc4
7. Qc2 a6 8. a4 Nd5 9. e4 Nb4 10. Qxc4 b5 11. Qe2 bxa4 12. Nc3
a5 13. Rd1 Ba6 14. Qd2 Bc4 15. Qf4 Nd3 16. Qg4 f5 17. Qh5 g6
18. Qh6 fxe4 19. Nxe4 Nxc1 20. Raxc1 Bd5 21. Neg5 Bxg5
22. Nxg5 Qd7 23. Bxd5 exd5 24. Re1 Na6 25. Rc6 Nb4 26. Rce6
Qg7 27. Qh3 h6 28. Re7 hxg5 29. Rxg7+ Kxg7 30. Qe6 Rae8
31. Qd7+ 1-0

[Event "FIDE Online Olympiad"]
[Site "Chess.com"]
[Date "2020.08.09"]
[EventDate "2020.08.07"]
[Round "9"]
[Result "1-0"]
[White "Miora Andriamasoandro"]
[Black "John Richards"]
[WhiteElo "2099"]
[BlackElo "1796"]
[PlyCount "75"]

1. e4 e6 2. d3 d5 3. Nd2 c5 4. Ngf3 Nc6 5. g3 g6 6. Bg2 Nge7
7. O-O Bg7 8. c3 O-O 9. Re1 b6 10. e5 Bb7 11. h4 Qc7 12. Qe2
Rad8 13. Nf1 d4 14. c4 h5 15. Bf4 Nf5 16. N1d2 Nce7 17. Ne4
Qc8 18. Bg5 Qa8 19. Qd2 Rc8 20. Qf4 Nc6 21. a3 Qb8 22. Nf6+
Bxf6 23. Bxf6 Nce7 24. Bh3 Bxf3 25. Qxf3 Qa8 26. Qf4 Kh7
27. Re4 Ng8 28. Bg5 Nge7 29. Rae1 Qb7 30. g4 hxg4 31. Bxg4 Qd7
32. Kg2 Rh8 33. Bf6 Rhf8 34. Rh1 Ng8 35. h5 Nxf6 36. exf6 Rh8
37. Qg5 Rcg8 38. hxg6# 1-0

[Event "FIDE Online Olympiad"]
[Site "Chess.com"]
[Date "2020.08.09"]
[EventDate "2020.08.07"]
[Round "9"]
[Result "1-0"]
[White "Oana Caruana Pulpan"]
[Black "Sabine Ravelomanana"]
[WhiteElo "1873"]
[BlackElo "1802"]
[PlyCount "99"]

1. d4 Nf6 2. Nf3 d5 3. g3 e6 4. Bg2 Be7 5. O-O O-O 6. c4 c5
7. cxd5 exd5 8. Nc3 Be6 9. dxc5 Bxc5 10. a3 Nc6 11. Bf4 Rc8
12. Rc1 Be7 13. b4 a6 14. Nd4 Re8 15. Nxe6 fxe6 16. Qb3 Nd4
17. Qb2 Nf5 18. e4 dxe4 19. Nxe4 Nxe4 20. Bxe4 Bf6 21. Be5
Rxc1 22. Rxc1 Bxe5 23. Qxe5 Qd2 24. Rc8 Nd6 25. Qxe6+ Kf8
26. Rxe8+ Nxe8 27. Bd5 Qc1+ 28. Kg2 Qc7 29. Qg8+ Ke7 30. Qf7+
Kd8 31. Qxc7+ Kxc7 32. f4 b6 33. Kf3 Kd6 34. Bb7 Nc7 35. Ke4
a5 36. g4 Ne8 37. g5 Ke6 38. f5+ Ke7 39. Ke5 Nd6 40. Bd5 Ne8
41. h4 axb4 42. axb4 Nc7 43. Be4 h6 44. Bf3 Ne8 45. Bh5 Nd6
46. f6+ gxf6+ 47. gxf6+ Kd7 48. Bg4+ Kc7 49. Ke6 Nb5 50. Ke7
1-0

[Event "FIDE Online Olympiad"]
[Site "Chess.com"]
[Date "2020.08.09"]
[EventDate "2020.08.07"]
[Round "9"]
[Result "1-0"]
[White "Jack Mizzi"]
[Black "Fanilo Nomenjanahary"]
[WhiteElo "1543"]
[BlackElo "1399"]
[PlyCount "103"]

1. d4 Nf6 2. c4 g6 3. g3 Bg7 4. Bg2 O-O 5. Nf3 d6 6. O-O Nc6
7. Nc3 e5 8. d5 Nb8 9. h3 a5 10. e4 Na6 11. Re1 h6 12. Be3 Nd7
13. Nh4 Kh7 14. a3 Nac5 15. b4 axb4 16. axb4 Rxa1 17. Qxa1 Nd3
18. Rb1 Nf4 19. Bf1 c6 20. dxc6 bxc6 21. Rd1 Qe7 22. Qc1 Ne6
23. Ne2 Nf6 24. Bg2 Nh5 25. Qd2 Rd8 26. Kh2 c5 27. b5 Nd4
28. Bxd4 cxd4 29. Nc1 f5 30. Nd3 f4 31. Bf3 fxg3+ 32. fxg3 Nf6
33. Qb4 g5 34. Ng2 Qd7 35. g4 h5 36. Nf2 hxg4 37. Nxg4 Kg6
38. Qd2 Nh5 39. h4 Nf4 40. Nxf4+ exf4 41. h5+ Kf7 42. Kg2 Rh8
43. h6 Be5 44. Rh1 Qe7 45. Qe2 Bxg4 46. Bxg4 Qf6 47. h7 Qg7
48. Bf5 Qf6 49. Qh5+ Ke7 50. Ra1 Kf8 51. Ra8+ Kg7 52. Rxh8 1-0

[Event "FIDE Online Olympiad"]
[Site "Chess.com"]
[Date "2020.08.09"]
[EventDate "2020.08.07"]
[Round "9"]
[Result "1-0"]
[White "Lennert Lenaerts"]
[Black "Zozek Salah Mohammed Mohammed"]
[WhiteElo "2350"]
[BlackElo "2258"]
[PlyCount "109"]

1. d4 d5 2. c4 c6 3. cxd5 cxd5 4. Bf4 Nc6 5. e3 Nf6 6. Nc3 Bf5
7. Nf3 e6 8. Qb3 Bb4 9. Ne5 O-O 10. Nxc6 Bxc3+ 11. Qxc3 bxc6
12. Qa3 Qb6 13. Be2 Ne4 14. f3 Nf6 15. O-O Nd7 16. Rac1 Rfc8
17. Ba6 Re8 18. Bd6 e5 19. dxe5 Nxe5 20. Bc5 Qc7 21. Rfd1 Rad8
22. Be2 Rd7 23. Rc3 h5 24. Qa4 Bg6 25. Bd4 Re6 26. Rdc1 Rde7
27. f4 Ng4 28. Rxc6 Rxc6 29. Rxc6 Qd7 30. Ra6 Qf5 31. Rxa7
Rxa7 32. Bxa7 Qb1+ 33. Qd1 Qxb2 34. a4 Bc2 35. Qe1 Bxa4 36. h3
Nf6 37. Bd4 Qb3 38. Qg3 Qb1+ 39. Kh2 Qg6 40. Bxf6 Qxf6
41. Bxh5 Bc2 42. Bf3 Be4 43. Bxe4 dxe4 44. Qg4 Qc3 45. Qg3 Qd2
46. f5 Qd5 47. f6 g6 48. h4 Qf5 49. Qg5 Qf1 50. h5 Kh7
51. hxg6+ fxg6 52. Qe5 Qf5 53. Qe7+ Kh6 54. f7 Qh5+ 55. Kg3
1-0

[Event "FIDE Online Olympiad"]
[Site "Chess.com"]
[Date "2020.08.09"]
[EventDate "2020.08.07"]
[Round "9"]
[Result "1-0"]
[White "Tyani De Rycke"]
[Black "Yamama Asif Abdula Al-Fayyadh"]
[WhiteElo "1924"]
[BlackElo "1609"]
[PlyCount "45"]

1. e4 e5 2. Nf3 Nc6 3. Bc4 Bc5 4. d3 Nf6 5. Bg5 h6 6. Bh4 d6
7. c3 g5 8. Bg3 Bg4 9. Nbd2 Qd7 10. a4 a5 11. Qb3 Bb6 12. Bb5
Nh5 13. Nc4 Bc5 14. Nfxe5 dxe5 15. Nxe5 Be6 16. Nxd7 Bxb3
17. Nxc5 Be6 18. Nxb7 Bd7 19. Nc5 Nxg3 20. hxg3 O-O-O 21. Nxd7
Kxd7 22. d4 Kd6 23. e5+ 1-0

[Event "FIDE Online Olympiad"]
[Site "Chess.com"]
[Date "2020.08.09"]
[EventDate "2020.08.07"]
[Round "9"]
[Result "1-0"]
[White "Nderim Saraci"]
[Black "Rafat Issa"]
[WhiteElo "2480"]
[BlackElo "2392"]
[PlyCount "161"]

1. Nf3 Nf6 2. g3 g6 3. Bg2 Bg7 4. c4 O-O 5. d4 d6 6. O-O Nc6
7. Nc3 Bf5 8. b3 Ne4 9. Bb2 Nxc3 10. Bxc3 Be4 11. Qd2 d5
12. Rfd1 h6 13. Bf1 Bxf3 14. exf3 e5 15. dxe5 d4 16. Bb4 Nxe5
17. Bg2 Re8 18. f4 Nc6 19. Bxc6 bxc6 20. Re1 Qd7 21. Rad1 a6
22. Qd3 h5 23. Qf3 Rad8 24. Kg2 Bf6 25. f5 g5 26. Qxh5 Qxf5
27. Qf3 Qxf3+ 28. Kxf3 Kg7 29. h3 Kg6 30. Rxe8 Rxe8 31. Re1
Rh8 32. Kg2 Rd8 33. Ba5 Rd7 34. Bb4 Kf5 35. g4+ Kg6 36. Re8 d3
37. Bd2 Kg7 38. Kf3 Bd4 39. Re1 Kg6 40. Re4 c5 41. Re1 Rd8
42. Ba5 Rd7 43. Rd1 Rd6 44. Kg2 Rf6 45. Rd2 c6 46. Bc7 Re6
47. Kf3 Re1 48. Rxd3 Ra1 49. Rd2 f5 50. gxf5+ Kxf5 51. Re2 Rh1
52. Kg2 Ra1 53. Bd6 a5 54. Bc7 a4 55. bxa4 Rc1 56. a5 Rxc4
57. Bb6 Ra4 58. Rc2 g4 59. hxg4+ Kxg4 60. Re2 Kf5 61. Rc2 Ke4
62. Bxc5 Bxc5 63. Rxc5 Rxa2 64. Kg3 Kd4 65. Rxc6 Rxa5 66. Re6
Kd5 67. Re8 Ra7 68. f4 Rg7+ 69. Kf3 Kd6 70. Ke4 Kd7 71. Re5
Rg6 72. Kf5 Ra6 73. Kg5 Kd8 74. f5 Rb6 75. f6 Rb7 76. Kg6 Rb1
77. f7 Rg1+ 78. Kf6 Rf1+ 79. Ke6 Rf2 80. Rd5+ Kc7 81. Rf5 1-0

[Event "FIDE Online Olympiad"]
[Site "Chess.com"]
[Date "2020.08.09"]
[EventDate "2020.08.07"]
[Round "9"]
[Result "1-0"]
[White "Ghayda M Alattar"]
[Black "Rinesa Saraci"]
[WhiteElo "1950"]
[BlackElo "1184"]
[PlyCount "47"]

1. d4 d5 2. Nc3 Nf6 3. Bg5 e6 4. e4 dxe4 5. Nxe4 Be7 6. Bxf6
Bxf6 7. Nf3 Nc6 8. c3 O-O 9. Qd2 h6 10. h3 Re8 11. g4 e5
12. d5 Nb8 13. g5 hxg5 14. Nfxg5 Bxg5 15. Nxg5 f6 16. Ne4 Kf7
17. Bc4 Kf8 18. O-O-O Bf5 19. Qe3 Bxe4 20. Qxe4 Qd6 21. Rhg1
a6 22. Qh7 Re7 23. Qh8+ Kf7 24. Rxg7# 1-0

[Event "FIDE Online Olympiad"]
[Site "Chess.com"]
[Date "2020.08.09"]
[EventDate "2020.08.07"]
[Round "9"]
[Result "1-0"]
[White "Alnasser Tala"]
[Black "Ndriqona Saraci"]
[WhiteElo "1077"]
[BlackElo "1225"]
[PlyCount "123"]

1. d4 d5 2. Nf3 Bf5 3. Bf4 e6 4. e3 Nf6 5. Bd3 Bxd3 6. Qxd3
Bd6 7. Bg3 h6 8. Nbd2 Bxg3 9. hxg3 Nbd7 10. Ne5 Nxe5 11. dxe5
Nd7 12. f4 c6 13. Nb3 Qb6 14. O-O-O O-O-O 15. Qd4 Kc7 16. Rhe1
Kb8 17. Rd3 Rc8 18. Rc3 Rc7 19. Nc5 Nxc5 20. Qxc5 Qxc5
21. Rxc5 b6 22. Rc3 c5 23. Rd3 Rhc8 24. c3 g6 25. Kd1 h5
26. Ke2 Kb7 27. Kf3 a6 28. Re2 b5 29. Kf2 Kb6 30. Kg1 a5
31. Kh2 Rh8 32. Kh3 b4 33. Kh4 Rf8 34. Kg5 Rfc8 35. Kf6 Kb5
36. Rc2 c4 37. Rd1 a4 38. a3 b3 39. Re2 Rd7 40. Kg5 Rcd8
41. Rh1 Rh8 42. g4 h4 43. g3 h3 44. Reh2 Rdd8 45. Rxh3 Rxh3
46. Rxh3 Kc5 47. Rh7 Rd7 48. Kf6 d4 49. exd4+ Rxd4 50. cxd4+
Kxd4 51. Rxf7 c3 52. bxc3+ Kxc3 53. Rc7+ Kb2 54. Kxe6 Kxa3
55. Kd7 b2 56. Rb7 Ka2 57. e6 b1=Q 58. Rxb1 Kxb1 59. e7 a3
60. e8=Q a2 61. Qxg6+ Kb2 62. Qa6 1-0

[Event "FIDE Online Olympiad"]
[Site "Chess.com"]
[Date "2020.08.09"]
[EventDate "2020.08.07"]
[Round "9"]
[Result "1-0"]
[White "Thomas Kett"]
[Black "Thanadon Kulpruethanon"]
[WhiteElo "2108"]
[BlackElo "2190"]
[PlyCount "65"]

1. e4 c5 2. Nf3 Nc6 3. d4 cxd4 4. Nxd4 g6 5. Nc3 Bg7 6. Be3
Nf6 7. Bc4 O-O 8. Bb3 Re8 9. h3 d6 10. Qd2 Na5 11. O-O-O Nxb3+
12. axb3 Bd7 13. Bh6 Bh8 14. Rhe1 a5 15. f4 Bc6 16. e5 dxe5
17. fxe5 Nd5 18. e6 f5 19. g4 Nxc3 20. bxc3 a4 21. b4 Qd5
22. gxf5 Qa2 23. Qf4 Rf8 24. Bxf8 Rxf8 25. Rg1 Bg7 26. h4 a3
27. h5 Qb2+ 28. Kd2 Rxf5 29. Nxf5 Qxc3+ 30. Ke2 Bb5+ 31. Kf2
Qxc2+ 32. Rd2 Qxf5 33. Qxf5 1-0

[Event "FIDE Online Olympiad"]
[Site "Chess.com"]
[Date "2020.08.09"]
[EventDate "2020.08.07"]
[Round "9"]
[Result "1-0"]
[White "Tinnakrit Arunnuntapanich"]
[Black "Jason Garcia"]
[WhiteElo "2067"]
[BlackElo "2067"]
[PlyCount "61"]

1. d4 Nf6 2. c4 c5 3. d5 e6 4. Nc3 exd5 5. cxd5 d6 6. e4 g6
7. Nf3 a6 8. a4 Bg4 9. Be2 Bg7 10. O-O O-O 11. Nd2 Bxe2
12. Qxe2 Re8 13. Qd3 Nbd7 14. Nc4 Ne5 15. Nxe5 Rxe5 16. a5 b5
17. axb6 Qxb6 18. Be3 Ng4 19. Bd2 Ree8 20. Na4 Qb5 21. Qg3 Ne5
22. Bc3 Rad8 23. Rfb1 Nc4 24. Bxg7 Kxg7 25. b3 Nd2 26. Qc3+
Re5 27. Qxd2 Rxe4 28. Nc3 Rd4 29. Qxd4+ cxd4 30. Nxb5 axb5
31. Rd1 1-0

[Event "FIDE Online Olympiad"]
[Site "Chess.com"]
[Date "2020.08.09"]
[EventDate "2020.08.07"]
[Round "9"]
[Result "1-0"]
[White "Olivia Smith"]
[Black "Manunthon Atikankhotchasee"]
[WhiteElo "1957"]
[BlackElo "1549"]
[PlyCount "125"]

1. e4 c5 2. Nf3 g6 3. g3 Bg7 4. Bg2 Nc6 5. O-O Nf6 6. Re1 d6
7. c3 O-O 8. h3 Bd7 9. d4 cxd4 10. cxd4 Qc8 11. Kh2 Rb8
12. Nc3 a6 13. e5 dxe5 14. dxe5 Ne8 15. Bf4 Nc7 16. Qd2 Rd8
17. Qe3 Be6 18. Rad1 Nb4 19. Rxd8+ Qxd8 20. Rd1 Qc8 21. Ng5
Bxa2 22. Nxa2 Nxa2 23. Qb3 e6 24. Qxa2 h6 25. Ne4 Nd5 26. Nf6+
Nxf6 27. exf6 Bxf6 28. Bxb8 Qxb8 29. Qc4 b5 30. Qc6 a5 31. Rd7
b4 32. b3 Kg7 33. Qb7 Qxb7 34. Rxb7 Bd4 35. Kg1 Kf6 36. Rb5 h5
37. Rxa5 Bc3 38. Rc5 e5 39. Bd5 Bd4 40. Rc7 Bc3 41. Rxf7+ Kg5
42. Kg2 Bd4 43. h4+ Kh6 44. Be4 Bc3 45. Rf6 Bd4 46. Rxg6+ Kh7
47. Rb6+ Kg7 48. Rxb4 Kh6 49. Rc4 Kg7 50. Rc6 Kf7 51. b4 Kg7
52. b5 Kf7 53. b6 Bxb6 54. Rxb6 Kg7 55. f3 Kf7 56. g4 hxg4
57. fxg4 Kg7 58. h5 Kf7 59. h6 Kg8 60. Rb7 Kh8 61. g5 Kg8
62. g6 Kh8 63. Rb8# 1-0

[Event "FIDE Online Olympiad"]
[Site "Chess.com"]
[Date "2020.08.09"]
[EventDate "2020.08.07"]
[Round "9"]
[Result "1-0"]
[White "Maroun Tomb"]
[Black "Chitumbo Mwali"]
[WhiteElo "2177"]
[BlackElo "2293"]
[PlyCount "151"]

1. e4 e5 2. Nf3 Nc6 3. Bb5 a6 4. Ba4 Nf6 5. d4 exd4 6. O-O Be7
7. e5 Ne4 8. Nxd4 Nxd4 9. Qxd4 Nc5 10. Bb3 O-O 11. Bf4 Ne6
12. Qd2 Nxf4 13. Qxf4 d6 14. Nc3 dxe5 15. Qxe5 Bd6 16. Qd5 c6
17. Qh5 g6 18. Qf3 Qh4 19. h3 Bf5 20. Rad1 Bc5 21. Rfe1 Rae8
22. g4 Rxe1+ 23. Rxe1 Be6 24. Ne4 Bxb3 25. axb3 Be7 26. Kg2 f5
27. Ng3 fxg4 28. Qxg4 Qxg4 29. hxg4 Bf6 30. c3 Rd8 31. Ne4 Be7
32. g5 Rd5 33. f4 Rd3 34. Re2 Kf7 35. Nf2 Rd5 36. Ng4 Bd6
37. Kf3 Rd3+ 38. Ke4 Rh3 39. b4 Rh4 40. Kf3 Rh3+ 41. Ke4 Rh4
42. Rg2 Ke6 43. Kf3 Rh3+ 44. Ke4 Rh4 45. Rg3 Rh1 46. Re3 Rf1
47. Rf3 Re1+ 48. Kd3 Rb1 49. Rf2 Rg1 50. Ne3 Rg3 51. Ke4 Rh3
52. Ng4 Rh4 53. Rg2 Rh1 54. Rh2 Rxh2 55. Nxh2 c5 56. bxc5 Bxc5
57. Ng4 Be7 58. Ne3 b5 59. Nd5 Bd8 60. Nb4 a5 61. Nc6 Bc7
62. Nd4+ Kd7 63. Nxb5 Bb8 64. Nd4 Bd6 65. Nb3 a4 66. Na5 Bc7
67. Nc4 Kc6 68. Ne3 Kb5 69. Nd5 Bd6 70. Kd4 Kc6 71. c4 Bc5+
72. Kc3 Kd6 73. Kd3 Ke6 74. Ke4 Ba7 75. Nc3 a3 76. bxa3 1-0